Van Nostrand's Concise Encyclopedia of Science, (Record no. 6367)
[ view plain ]
| 005 - DATE AND TIME OF LATEST TRANSACTION | |
|---|---|
| control field | 20250629133803.0 |
| 020 ## - INTERNATIONAL STANDARD BOOK NUMBER | |
| International Standard Book Number | 0-424-36331-6 |
| 082 ## - DEWEY DECIMAL CLASSIFICATION NUMBER | |
| Classification number | 503 VAN |
| 100 ## - MAIN ENTRY--PERSONAL NAME | |
| Author name | VAN NOSTRAND"S |
| 245 ## - TITLE STATEMENT | |
| Title | Van Nostrand's Concise Encyclopedia of Science, |
| 260 ## - PUBLICATION, DISTRIBUTION, ETC. | |
| Place of publication, distribution, etc. | New York, |
| Name of publisher, distributor, etc. | John Wiley & Sons, |
| Date of publication, distribution, etc. | 2003. |
| 300 ## - PHYSICAL DESCRIPTION | |
| Extent | ix;821p: ill; Figure, Picture, |
| Dimensions | 24cm. |
| 700 ## - ADDED ENTRY--PERSONAL NAME | |
| Other authors/Editors | DEPREE, C.G. |
| 942 ## - ADDED ENTRY ELEMENTS (KOHA) | |
| Source of classification or shelving scheme | Dewey Decimal Classification |
| Koha item type | Books |
| Date last seen | Total checkouts | Full call number | Barcode | Cost, replacement price | Price effective from | Koha item type | Lost status | Source of classification or shelving scheme | Damaged status | Not for loan | Withdrawn status | Home library | Current library | Shelving location | Date acquired | Cost, normal purchase price |
|---|---|---|---|---|---|---|---|---|---|---|---|---|---|---|---|---|
| 06/29/2025 | 503 VAN | DOM0004323 | 150000.00 | 06/29/2025 | Books | Dewey Decimal Classification | CBE Dodoma | CBE Dodoma | General Collection | 06/29/2021 | 50000.00 | |||||
| 06/29/2025 | 503 VAN | DOM0004324 | 150000.00 | 06/29/2025 | Books | Dewey Decimal Classification | CBE Dodoma | CBE Dodoma | General Collection | 06/29/2021 | 50000.00 | |||||
| 06/29/2025 | 503 VAN | DOM0004325 | 150000.00 | 06/29/2025 | Books | Dewey Decimal Classification | CBE Dodoma | CBE Dodoma | General Collection | 06/29/2021 | 50000.00 | |||||
| 06/29/2025 | 503 VAN | DOM0004326 | 150000.00 | 06/29/2025 | Books | Dewey Decimal Classification | CBE Dodoma | CBE Dodoma | General Collection | 06/29/2021 | 50000.00 |
